Sports Quiz

Random Sports or Football Quiz

Most College Football Bowl Appearances Quiz Stats

 Plays Quiz not verified by Sporcle

Score 0/10 Timer 02:00
0 Plays Today
Number of Appearances Team % Correct
48USC
97.2%
49Texas
94.3%
57Alabama
92.3%
43Oklahoma
90.7%
41Ohio St.
85.8%
46Nebraska
78.1%
45Georgia
75.7%
41LSU
72.1%
42Penn St
71.7%
48Tennessee
66.8%

You're not logged in!

Compare scores with friends on all Sporcle quizzes.
OR
Log In

Sporcle TV

Today on Sporcle TV


Watch our educational content, quiz creation guides, and fun videos on Sporcle TV.

Show Comments

Extras

Top Quizzes Today


Score Distribution

Your Account Isn't Verified!

In order to create a playlist on Sporcle, you need to verify the email address you used during registration. Go to your Sporcle Settings to finish the process.

Report this User

Report this user for behavior that violates our Community Guidelines.

Details: